000 00266nam a22001097a 4500
008 230620b xxu||||| |||| 00| 0 eng d
082 _a321.86
_bEVE 1983
245 _aThe End of Kings
260 _aLondon
_bThe Free Press
_c1983
300 _aXII,370p
942 _2ddc
_cBK
999 _c1835
_d1835